Gaming Quiz

Random Gaming Quiz

Kingdom Hearts 7 Princesses Quiz Stats

 Plays Quiz not verified by Sporcle

Also try: Mario Kart Items
Challenge
Share
Tweet
Embed
Score 0/7 Timer 02:00
1 Play Today
Hint Answer % Correct
BeastBelle
99.5%
AppleSnow White
98.5%
GlassCinderella
98%
RabbitAlice
98%
SpindleAurora
95%
TigerJasmine
95%
OriginalKairi
93%

You're not logged in!

Compare scores with friends on all Sporcle quizzes.
Join for Free
OR
Log In

You Might Also Like...

Show Comments

Extras

Created Mar 18, 2015ReportNominate
Tags:heart, kingdom, Kingdom Hearts

Top Quizzes Today


Score Distribution

Your Account Isn't Verified!

In order to create a playlist on Sporcle, you need to verify the email address you used during registration. Go to your Sporcle Settings to finish the process.

Report this User

Report this user for behavior that violates our Community Guidelines.

Details: